Оценка параметров безопасности эксплуатации нефтехранилищ в условиях Севера

書誌詳細
第一著者: Прохоров В. А. Валерий Афанасьевич
言語:ロシア語
出版事項: Москва, Недра, 1999
主題:
フォーマット: 図書
KOHA link:https://koha.lib.tpu.ru/cgi-bin/koha/opac-detail.pl?biblionumber=12860

MARC

LEADER 00000nam0a2200000 4500
001 12860
005 20231030184634.0
010 |a 583650007X 
035 |a (RuTPU)RU\TPU\book\12941 
035 |a BOOK00013008 
090 |a 12860 
100 |a 20011209d1999 km y0rusy50 ca 
101 0 |a rus 
102 |a RU 
105 |a y z 000zy 
200 1 |a Оценка параметров безопасности эксплуатации нефтехранилищ в условиях Севера  |f В. А. Прохоров 
210 |a Москва  |c Недра  |d 1999 
215 |a 142 с. 
610 1 |a нефтехранилища 
610 1 |a эксплуатация 
610 1 |a безопасность 
610 1 |a параметры 
610 1 |a Север 
675 |a 622.692.2  |v 3 
700 1 |a Прохоров  |b В. А.  |g Валерий Афанасьевич 
801 0 |a RU  |b 63413507  |c 20011209  |g PSBO 
801 2 |a RU  |b 63413507  |c 20151207  |g PSBO 
942 |c BK